000 00651cam a22002053a 4500
001 39526
003 PGUSA
005 20140828083858.0
008 120424s2012||||xxu|||||s|||||000 | eng d
040 _aPGUSA
_beng
042 _adc
100 1 _aClodd, Edward
245 1 0 _aPioneers of Evolution from Thales to Huxley :
_bWith an Intermediate Chapter on the Causes of Arrest of the Movement
_h[electronic resource] /
_cEdward Clodd
260 _bProject Gutenberg,
_c2012
506 _aPublic domain in the USA.
516 _aElectronic text
830 0 _aProject Gutenberg
_v39526
856 4 0 _uhttp://www.gutenberg.org/ebooks/39526
942 _cEB
999 _c268779
_d268779